| Tag |
First Indicator |
Second Indicator |
Subfields |
| LEADER |
00000cam a2200000 a 4500 |
| 001 |
in00000511009 |
| 005 |
20151013070004.0 |
| 008 |
840830s1983 enkaf b 000 0 eng |
| 010 |
|
|
|a 82062620
|
| 015 |
|
|
|a GB8303154
|2 bnb
|
| 016 |
7 |
|
|a 8409716
|2 DNLM
|
| 019 |
|
|
|a 9580496
|a 16601599
|a 877072030
|a 963293181
|a 964136988
|a 972829267
|a 1078808358
|a 1224682423
|
| 020 |
|
|
|a 9780723606741
|q (pbk.)
|
| 029 |
0 |
|
|a NLM
|b 8409716
|
| 035 |
|
|
|a (OCoLC)11157108
|
| 040 |
|
|
|a NLM
|b eng
|c NLM
|d COV
|d UKM
|d NLGGC
|d BTCTA
|d CGC
|d YDXCP
|d BAKER
|d NLE
|d OCLCF
|d OCLCQ
|d OCLCO
|d OCLCQ
|d UKMGB
|d NZ1
|d OCLCQ
|d OCLCO
|d OCL
|d OCLCO
|
| 043 |
|
|
|a e-uk---
|
| 049 |
|
|
|a TXAM
|
| 050 |
0 |
0 |
|a HV3008.G7
|
| 060 |
0 |
0 |
|a WM 300
|b W894c 1983
|
| 082 |
0 |
|
|a 362.3/8/0941
|2 19
|
| 090 |
|
|
|a HV3008.G7
|b W663 1983
|
| 100 |
1 |
|
|a Woods, Grace E.
|q (Grace Emily)
|
| 245 |
1 |
0 |
|a Care of the mentally handicapped :
|b past and present /
|c by Grace E. Woods.
|
| 260 |
|
|
|a Bristol ;
|a Boston :
|b Wright-PSG,
|c 1983.
|
| 264 |
|
1 |
|a Bristol [Avon] ;
|a Boston :
|b Wright-PSG,
|c 1983.
|
| 300 |
|
|
|a vii, 120 pages, 12 unnumbered pages of plates :
|b illustrations
|
| 336 |
|
|
|a text
|b txt
|2 rdacontent
|
| 337 |
|
|
|a unmediated
|b n
|2 rdamedia
|
| 338 |
|
|
|a volume
|b nc
|2 rdacarrier
|
| 504 |
|
|
|a Includes bibliographical references (pages 119-120).
|
| 650 |
|
0 |
|a People with mental disabilities
|x Care
|z Great Britain.
|
| 651 |
|
2 |
|a United Kingdom
|0 (DNLM)D006113
|
| 653 |
|
|
|a Great Britain
|a Mentally handicapped persons
|a Care, 1942-1982
|
| 938 |
|
|
|a Baker & Taylor
|b BKTY
|c 15.95
|d 15.95
|i 0723606749
|n 0000776997
|s active
|
| 999 |
|
|
|a MARS
|
| 999 |
f |
f |
|s b56d22a4-76f3-3e7a-bf1c-bc828525116d
|i 7c3520a3-101d-33d8-8ca8-498059272168
|t 0
|
| 952 |
f |
f |
|p ric
|a Texas A&M University
|b Rellis Campus
|c Joint Library Facility
|s JLF
|d Remote Storage
|t 0
|e HV3008.G7 W663 1983
|h Library of Congress classification
|i unmediated -- volume
|m A14807844193
|